000 00669nam a2200205Ia 4500
008 130821s1999 ck gr spa
020 _a958 8061 26 1
040 _aCo-BoUCM
_bspa
041 0 0 _aspa
245 0 0 _aAntología los mejores relatos de ciencia ficción
_cselección y prólogo de Ricardo Bernal
260 _aBogotá (Colombia)
_bAlfaguara
_c1999
300 _a193 páginas
650 _aCiencia ficción
_910774
650 _aCuentos
_912249
650 _aLiteratura juvenil
_97795
650 _aLiteratura
_918599
700 1 _aBernal, Ricardo
_etrad.
_9168864
942 _cLIBRO
_a18
_e1
_mA634
_2DEWEY
_h808.88
999 _c74280
_d74280